| 000 | 005450000a22001690004500 | ||
|---|---|---|---|
| 090 |
_aAR _b02589 |
||
| 245 | 1 | 0 | _aCommunity structure and the habitat and the habitat templet: ants in the tropical forest canopy and litter |
| 650 | 1 | 4 |
_aEntomología _94483 |
| 650 | 1 | 4 |
_aHormigas _992499 |
| 650 | 1 | 4 |
_aEstructura de la comunidad _97632 |
| 650 | 1 | 4 |
_aEcología _992250 |
| 041 | 0 | _aInglés | |
| 700 | 1 |
_aKaspari, M. _996093 |
|
| 100 | 1 |
_aYanoviak, S. P. _996094 |
|
| 942 | _cARTICULO | ||
| 773 | 1 |
_tOIKOS: Journal of Ecology _3911 _h2 _q259-266 _d2000 _g89 |
|
| 999 |
_c11653 _d11653 |
||